Dark Dawn Over Steep House (Record no. 3467)

MARC details
000 -LEADER
fixed length control field 00430nam a22001457a 4500
008 - FIXED-LENGTH DATA ELEMENTS--GENERAL INFORMATION
fixed length control field 250514b |||||||| |||| 00| 0 eng d
020 ## - INTERNATIONAL STANDARD BOOK NUMBER
ISBN 9781784978112
100 ## - MAIN ENTRY--AUTHOR
Author Kasasian, M.R.C
245 ## - TITLE STATEMENT
Title Dark Dawn Over Steep House
260 ## - PUBLICATION, DISTRIBUTION, ETC. (IMPRINT)
Place of publication London
Name of publisher Zeus
Date of publication 2017
300 ## - COLLATION
Pagination 472p.
650 ## - TRACINGS
Main Subject Grice Sidney (Fictitious character-fiction
Subdivision (1st) London (England) History-19th centaury-fiction
942 ## - ADDED ENTRY ELEMENTS (KOHA)
Item type Books
050 ## - LIBRARY OF CONGRESS CALL NUMBER
Classification number PR6111.A77
Item number .D37
Holdings
Source of classification or shelving scheme Not for loan Permanent location Current location Date acquired Accession No. Full call number Barcode. Koha item type
Library of Congress Classification   Samuel Ogbemudia Main Library, University of Abuja Samuel Ogbemudia Main Library, University of Abuja 05/14/2025 2024/64263 PR6111.A77.D37 2025-1935 Books